Keral ki samaskriti par Keral ke lok geethom ka prabhav/ (Record no. 167450)

000 -LEADER
fixed length control field 00280nam a22001097a 4500
082 ## - DEWEY DECIMAL CLASSIFICATION NUMBER
Classification number
Item number
100 ## - MAIN ENTRY--PERSONAL NAME
Personal name Eladam N R
245 ## - TITLE STATEMENT
Title Keral ki samaskriti par Keral ke lok geethom ka prabhav/
Statement of responsibility, etc. by Eladam N R.
260 ## - PUBLICATION, DISTRIBUTION, ETC.
Place of publication, distribution, etc. Mathura:
Name of publisher, distributor, etc. Jawahar Pustakalay,
Date of publication, distribution, etc.
650 ## - SUBJECT ADDED ENTRY--TOPICAL TERM
Topical term or geographic name entry element
942 ## - ADDED ENTRY ELEMENTS (KOHA)
Koha item type Book
Holdings
Withdrawn status Lost status Damaged status Not for loan Permanent Location Current Location Shelving location Date acquired Total Checkouts Barcode Date last seen Price effective from Koha item type
        RC Thiruvananthapuram RC Thiruvananthapuram   15.11.2018   TV014383 15.11.2018 15.11.2018 Book